书目信息 |
| 题名: |
Internet老虫谈经
|
|
| 作者: | 冠群创作室 编著 | |
| 分册: | ||
| 出版信息: | 北京 机械工业出版社 2000.08 |
|
| 页数: | 418页 | |
| 开本: | 16开 | |
| 丛书名: | ||
| 单 册: | ||
| 中图分类: | TP393.4 | |
| 科图分类: | ||
| 主题词: | 计算机应用 | |
| 电子资源: | ||
| ISBN: | 7-111-08139-0 | |
| 000 | 00573nam0 2200193 45 | |
| 001 | 0103011640 | |
| 005 | 20010301162501.4 | |
| 010 | @a7-111-08139-0@d39.00元 | |
| 100 | @a20010301d2000 km y0chiy0120 ea | |
| 101 | 0 | @achi |
| 105 | @a z 000yy | |
| 200 | 1 | @aInternet老虫谈经@AInternet Lao Chong Tan Jing@f冠群创作室编著@FGuan Qun Chuang Zuo Shi Bian Zhu |
| 210 | @a北京@c机械工业出版社@d2000.08 | |
| 215 | @a418页@d16开 | |
| 606 | 0 | @a计算机应用 |
| 690 | @aTP393.4@v3 | |
| 701 | 0 | @a冠群创作室@4编著 |
| 801 | @aCN@bPftUser@c20010301 | |
| 905 | @b325592@dTP393.4@eG:120@f1 | |
| Internet老虫谈经/冠群创作室编著.-北京:机械工业出版社,2000.08 |
| 418页;16开 |
| ISBN 7-111-08139-0:39.00元 |
| ● |
| 相关链接 |
|
|
|
正题名:Internet老虫谈经
索取号:TP393.4/G:120
 
预约/预借
| 序号 | 登录号 | 条形码 | 馆藏地/架位号 | 状态 | 备注 |
| 1 | 325592 | 203255921 | 期刊室512/301自科库 133排2列2层/ [索取号:TP393.4/G:120] | 在馆 |